| 000 | 00340nam a2200145Ia 4500 | ||
|---|---|---|---|
| 008 | 230312s9999||||xx |||||||||||||| ||und|| | ||
| 020 | _a1905209249 | ||
| 082 |
_a003.54 _bCHA |
||
| 245 | 0 | _aChannel Coding in communication networks | |
| 260 |
_bISTE _aLondon _c2006 |
||
| 300 | _a418 | ||
| 546 | _aEng. | ||
| 650 | _aManagement | ||
| 942 | _cBK | ||
| 999 |
_c3319 _d3319 |
||